Catálogo - Centro de Recursos para el Aprendizaje y la Investigación
Volver al Sitio - CRAI Biblioteca| 000 -CABECERA | |
|---|---|
| campo de control de longitud fija | 02013nam a22003017a 4500 |
| 001 - NÚMERO DE CONTROL | |
| campo de control | 113466 |
| 003 - IDENTIFICADOR DEL NÚMERO DE CONTROL | |
| campo de control | DR-UNIBE |
| 005 - FECHA Y HORA DE LA ÚLTIMA TRANSACCIÓN | |
| campo de control | 20260423111547.0 |
| 008 - DATOS DE LONGITUD FIJA--INFORMACIÓN GENERAL | |
| campo de control de longitud fija | 250422b2024 dr ||||| |||| 00| 0 spa d |
| 020 ## - NÚMERO INTERNACIONAL ESTÁNDAR DEL LIBRO | |
| Número Internacional Estándar del Libro | 9789945251043 volumen I |
| 020 ## - NÚMERO INTERNACIONAL ESTÁNDAR DEL LIBRO | |
| Número Internacional Estándar del Libro | 9789945251142 volumen II |
| 040 ## - FUENTE DE LA CATALOGACIÓN | |
| Centro catalogador/agencia de origen | BIBLIOTECA UNIBE |
| Lengua de catalogación | spa |
| Centro/agencia transcriptor | BIBLIOTECA UNIBE |
| Normas de descripción | rda |
| 041 ## - CÓDIGO DE LENGUA | |
| Código de lengua del texto/banda sonora o título independiente | spa |
| 082 ## - NÚMERO DE LA CLASIFICACIÓN DECIMAL DEWEY | |
| Número de edición | 22 |
| Número de clasificación | RD 972.9303 R696v |
| 100 #0 - ENTRADA PRINCIPAL--NOMBRE DE PERSONA | |
| Nombre de persona | Rodríguez Morel, Genaro, |
| Fechas asociadas al nombre | 1955- |
| Término indicativo de función/relación | autor |
| -- | cuidado de la edición |
| 9 (RLIN) | 83571 |
| 245 10 - MENCIÓN DE TÍTULO | |
| Título | Visita y residencia hecha al gobernador don Antonio Osorio por Diego Gómez de Sandoval : |
| Resto del título | 1608 / |
| Mención de responsabilidad, etc. | Genaro Rodríguez Morel ; presentación: Frank Moya Pons; cuidado de edición : Genaro Rodríguez Morel ; presentación : Frank Moya Pons ; diagramación y diseño de portada : Yenifer De la Rosa ; índice onomástico, geográfico y temático : Genaro Rodríguez Morel |
| 250 ## - MENCIÓN DE EDICIÓN | |
| Mención de edición | Primera edición |
| 260 ## - PUBLICACIÓN, DISTRIBUCIÓN, ETC. | |
| Lugar de publicación, distribución, etc. | Santo Domingo : |
| Nombre del editor, distribuidor, etc. | Archivo General de la Nación (AGN): |
| -- | Academia Dominicana de la Historia : |
| -- | Grupo Mallén, |
| Fecha de publicación, distribución, etc. | 2024 |
| 300 ## - DESCRIPCIÓN FÍSICA | |
| Extensión | tomos : |
| Dimensiones | 25 x 17 cm |
| 490 ## - MENCIÓN DE SERIE | |
| Mención de serie | Archivo General de la Nación ; |
| Designación de volumen o secuencia | 504, 505 |
| 500 ## - NOTA GENERAL | |
| Nota general | Biblioteca tiene tomo I y II. Información del autor en las solapas. Cubierta: documento facsimilar del expediente que recoge el juicio de residencai al gobernador de la Isla Española |
| 505 ## - NOTA DE CONTENIDO CON FORMATO | |
| Nota de contenido con formato | Presentación |<br/>Tomo I.<br/>Archivo General de Indias Escribanía de Cámara Nº 11 (a) |<br/>Índice onomástico |<br/>Índice geográfico|<br/>Índice temático. <br/>Tomo II.<br/>Archivo General de Indias Escribanía de Cámara Nº 11 (a) No 1, pieza tercera<br/>Índice onomástico |<br/>Índice geográfico|<br/>Índice temático |
| 600 #7 - PUNTO DE ACCESO ADICIONAL DE MATERIA--NOMBRE DE PERSONA | |
| Nombre de persona | Osorio y Villegas, Antonio, |
| Fechas asociadas al nombre | 1543-1608 |
| Subdivisión general | Crítica e interpretación |
| 9 (RLIN) | 204280 |
| 651 #7 - PUNTO DE ACCESO ADICIONAL DE MATERIA--NOMBRE GEOGRÁFICO | |
| Nombre geográfico | República Dominicana |
| Subdivisión general | Historia |
| Subdivisión cronológica | Época colonial-1608 |
| 9 (RLIN) | 194451 |
| 700 #0 - PUNTO DE ACCESO ADICIONAL--NOMBRE DE PERSONA | |
| Nombre de persona | Moya Pons, Frank, |
| Forma completa/desarrollada del nombre | (Moya Pons, Rafael Francisco), |
| Fechas asociadas al nombre | 1944- |
| Término indicativo de función/relación | presentador |
| 9 (RLIN) | 199245 |
| 700 10 - PUNTO DE ACCESO ADICIONAL--NOMBRE DE PERSONA | |
| Nombre de persona | De la Rosa, Yenifer |
| Término indicativo de función/relación | diagramador |
| -- | diseñador de portada |
| 9 (RLIN) | 84991 |
| 942 ## - ELEMENTOS DE PUNTO DE ACCESO ADICIONAL (KOHA) | |
| Fuente del sistema de clasificación o colocación | Sistema de Clasificación Decimal Dewey |
| Tipo de ítem Koha | Libro (general) |
| Estado de retiro | Estado de pérdida | Fuente del sistema de clasificación o colocación | No para préstamo | Código de colección | Localización permanente | Fecha de adquisición | Total de préstamos | Signatura topográfica completa | Código de barras | Fecha visto por última vez | Número de copia | Precio válido a partir de | Tipo de ítem Koha |
|---|---|---|---|---|---|---|---|---|---|---|---|---|---|
| Disponible | Sistema de Clasificación Decimal Dewey | General - Libros dominicanos | Biblioteca Central UNIBE | 28/04/2025 | RD 972.9303 R696v | 250458 | 22/04/2025 | Vol. 1 Ej. 1 | 22/04/2025 | Libro (general) | |||
| Disponible | Sistema de Clasificación Decimal Dewey | General - Libros dominicanos | Biblioteca Central UNIBE | 28/04/2025 | RD 972.9303 R696v | 250459 | 22/04/2025 | Vol. 1 Ej.2 | 22/04/2025 | Libro (general) | |||
| Disponible | Sistema de Clasificación Decimal Dewey | General - Libros dominicanos | Biblioteca Central UNIBE | 28/04/2025 | RD 972.9303 R696v | 250460 | 22/04/2025 | Vol.2 Ej.1 | 22/04/2025 | Libro (general) | |||
| Disponible | Sistema de Clasificación Decimal Dewey | General - Libros dominicanos | Biblioteca Central UNIBE | 28/04/2025 | RD 972.9303 R696v | 250461 | 22/04/2025 | Vol.2 Ej.2 | 22/04/2025 | Libro (general) |